Countries with Most Olympics Medals in Any Sport - Statistics

General Stats
  • This quiz has been taken 1,204 times
  • The average score is 43 of 55
Answer Stats
Sport Gold Total Country % Correct
Basketball 28 34 United States
97%
Athletics 358 861 United States
96%
Boxing 50 118 United States
94%
Golf 6 14 United States
93%
Badminton 22 52 China
92%
Swimming 265 608 United States
92%
Table Tennis 37 66 China
91%
Beach Volleyball 7 United States
91%
Tennis 21 United States
91%
Diving 142 United States
89%
Diving 55 China
88%
Rowing 34 Great Britain / United States
88%
Judo 51 104 Japan
88%
Softball 3 5 United States
88%
Cricket 1 Great Britain
87%
Football 5 United States
87%
Shooting 58 121 United States
87%
Surfing 2 United States
87%
Cricket 1 Great Britain / France
85%
Volleyball 13 Soviet Union / Unified Team / United States
85%
Wrestling 145 United States
85%
Cycling 44 France
84%
Tennis 43 Great Britain
84%
Cycling 121 Great Britain
83%
Rowing 91 United States
83%
Climbing 3 United States / Japan / Austria
82%
Trampoline 4 16 China
81%
Archery 32 50 South Korea
81%
Sailing 32 66 Great Britain
80%
Skateboarding 5 9 Japan
80%
Handball 8 France / Norway
79%
Equestrian 48 100 Germany / West Germany
79%
Triathlon 4 11 Great Britain
79%
Taekwondo 14 25 South Korea
79%
Artistic Gymnastics 83 204 Soviet Union / Unified Team
79%
Beach Volleyball 14 Brazil
78%
Football 10 Brazil
78%
Artistic Swimming 12 Russia
78%
Canoeing 52 105 Germany / West Germany
77%
Field Hockey 8 India / Netherlands
77%
Artistic Swimming 14 Japan
76%
Rhythmic Gymnastics 10 18 Russia
76%
Fencing 50 135 Italy
72%
Volleyball 7 Soviet Union / Unified Team
71%
Weightlifting 44 71 Soviet Union / Unified Team
71%
Wrestling 68 Soviet Union / Unified Team
71%
Surfing 3 Brazil
69%
Baseball 3 5 Cuba
66%
Field Hockey 20 Netherlands
63%
Marathon Swimming 4 5 Netherlands
59%
Water Polo 9 17 Hungary
55%
Handball 5 Denmark
49%
Modern Pentathlon 10 24 Hungary
49%
Rugby Sevens 2 3 Fiji
39%
Climbing 2 Slovenia
19%
No matching quizzes found
Score Distribution
Percent of People with Each Score
Percentile by Number Answered
Your Score History
You have not taken this quiz